| 000 | 00995nam a2200229Ia 4500 | ||
|---|---|---|---|
| 999 |
_c50950 _d50950 |
||
| 001 | 17907 | ||
| 003 | GE_BSU | ||
| 005 | 20200228134050.0 | ||
| 008 | 181216s1954 xx |||||||||||||| ||geo|| | ||
| 040 | _cGE_BSU | ||
| 041 | _ageo | ||
| 080 | _a821.353.1-32 შ-51 | ||
| 100 |
_aშერვაშიძე, ამირან. _97547 |
||
| 245 |
_aოქროს სამაჯურები : _bისტორიული დრამა 4 მოქმედებად და 11 სურათად / _cამირან შერვაშიძე ; რედ. ა.შონია |
||
| 264 |
_aბათუმი : _bსახელგამი, _c1954. |
||
| 300 |
_a58გვ. ; _c19 სმ. |
||
| 653 | _aისტორიული დრამა | ||
| 653 | _aოქროს სამაჯურები | ||
| 653 | _aქართული ლიტერატურა | ||
| 700 |
_aშონია, ა. _eრედაქტორი _92035 |
||
| 942 |
_cBK _2udc |
||